000
00251 a2200097 4500
001
12913
100
_a
Chen,Victor.v
245
_a
Time- Frequency Transforms for Radar Imaging and Signal Analysis.
260
_a
_b
Artech House
_c
090
_c
9896
_d
9896
942
_a
NUST-CAE
_c
M
_c
36817
999
_c
247986
_d
247986